000 00744nam a2200289Ia 4500
005 20260324112313.0
008 008 260324s9999 xx 000 0 eng d
020 _a9781032623887
037 _aEBOOK
040 _aCRL
040 _beng
040 _cCRL
041 _2eng
041 _aeng
084 _qCRL
100 _aMariecke van den Berg; Nella van den Brandt; Adriaan van Klinken
_91142134
245 0 _aBlasphemous Art?
245 0 _bReligion, Gender and Sexuality in Arts and Popular Culture
260 _bTaylor and Francis
260 _c2024
365 _a
365 _b220
856 _uhttp://www.taylorfrancis.com/books/9781032623887
942 _cEBOOK
999 _c1731287
_d1731287